Ekonomika a obchodná politika rozvojových krajín - postavenie v medzinárodnom obchode, dlhová kríza a vplyv migrácie

Gespeichert in:
Bibliographische Detailangaben
1. Verfasser: Zubaľová, Ľubica, 1969-
Weitere Verfasser: Drieniková, Kristína, 1982-, Knapik, Peter, Družbacká, Barbora, 1995-
Format: Buch
Sprache:Slowakisch
Veröffentlicht: České Budějovice Vysoká škola evropských a regionálních studií 2022
Ausgabe:1. vydání
Schlagworte:
Tags: Tag hinzufügen
Keine Tags, Fügen Sie das erste Tag hinzu!

MARC

LEADER 00000nam a2200000 4500
001 0289706
005 20240502083930.4
020 |a 978-80-7556-122-0 
041 0 |a slo 
044 |a CZ 
245 1 0 |a Ekonomika a obchodná politika rozvojových krajín - postavenie v medzinárodnom obchode, dlhová kríza a vplyv migrácie  |c Ľubica Zubaľová, Kristína Drieniková ; recenzenti: Peter Knapik, Barbora Družbacká 
250 |a 1. vydání 
264 1 |a České Budějovice  |b Vysoká škola evropských a regionálních studií  |c 2022 
300 |a 118 s. [7 AH] 
610 2 0 |a krajiny rozvojové 
610 2 0 |a politika obchodná 
610 2 0 |a hospodárstvo domáce 
610 2 0 |a obchod medzinárodný 
610 2 0 |a migrácia 
610 2 0 |a kríza finančná 
610 2 0 |a dlhy 
100 1 |a Zubaľová, Ľubica, 1969- 
700 1 |a Drieniková, Kristína, 1982- 
700 1 |a Knapik, Peter 
700 1 |a Družbacká, Barbora, 1995-